{"text_format":"3","workbook":"xlsx","n_sheets":6,"sheets":["表-04 单位工程招标控制价汇总表","表-05 主要材料及价差汇总表","表-08 分部分项工程和单价措施项目清单与计价表","表-11 总价措施项目清单与计价表","表-12 其他项目清单与计价汇总表","表-13 规费、税金项目清单与计价表"],"read":"whole","date_system":"1900"}

{"sheet":"表-04 单位工程招标控制价汇总表","index":0,"n_rows":70,"n_cols":7,"rows_kept":70,"merged":[[0,0,0,4],[0,5,0,6],[1,0,1,6],[2,0,2,1],[2,2,2,4],[2,5,2,6],[3,1,3,3],[3,4,3,5],[4,1,4,3],[4,4,4,5],[5,1,5,3],[5,4,5,5],[6,1,6,3],[6,4,6,5],[7,1,7,3],[7,4,7,5],[8,1,8,3],[8,4,8,5],[9,1,9,3],[9,4,9,5],[10,1,10,3],[10,4,10,5],[11,1,11,3],[11,4,11,5],[12,1,12,3],[12,4,12,5],[13,1,13,3],[13,4,13,5],[14,1,14,3],[14,4,14,5],[15,1,15,3],[15,4,15,5],[16,1,16,3],[16,4,16,5],[17,1,17,3],[17,4,17,5],[18,1,18,3],[18,4,18,5],[19,1,19,3],[19,4,19,5],[20,1,20,3],[20,4,20,5],[21,1,21,3],[21,4,21,5],[22,1,22,3],[22,4,22,5],[23,1,23,3],[23,4,23,5],[24,1,24,3],[24,4,24,5],[25,1,25,3],[25,4,25,5],[26,1,26,3],[26,4,26,5],[27,1,27,3],[27,4,27,5],[28,1,28,3],[28,4,28,5],[29,1,29,3],[29,4,29,5],[30,1,30,3],[30,4,30,5],[31,1,31,3],[31,4,31,5],[32,1,32,3],[32,4,32,5],[33,0,33,6],[34,0,34,1],[34,3,34,4],[34,5,34,6],[35,0,35,4],[35,5,35,6],[36,0,36,6],[37,0,37,1],[37,2,37,4],[37,5,37,6],[38,1,38,3],[38,4,38,5],[39,1,39,3],[39,4,39,5],[40,1,40,3],[40,4,40,5],[41,1,41,3],[41,4,41,5],[42,1,42,3],[42,4,42,5],[43,1,43,3],[43,4,43,5],[44,1,44,3],[44,4,44,5],[45,1,45,3],[45,4,45,5],[46,1,46,3],[46,4,46,5],[47,1,47,3],[47,4,47,5],[48,1,48,3],[48,4,48,5],[49,1,49,3],[49,4,49,5],[50,1,50,3],[50,4,50,5],[51,1,51,3],[51,4,51,5],[52,1,52,3],[52,4,52,5],[53,1,53,3],[53,4,53,5],[54,1,54,3],[54,4,54,5],[55,1,55,3],[55,4,55,5],[56,1,56,3],[56,4,56,5],[57,1,57,3],[57,4,57,5],[58,1,58,3],[58,4,58,5],[59,1,59,3],[59,4,59,5],[60,1,60,3],[60,4,60,5],[61,1,61,3],[61,4,61,5],[62,1,62,3],[62,4,62,5],[63,1,63,3],[63,4,63,5],[64,1,64,3],[64,4,64,5],[65,1,65,3],[65,4,65,5],[66,1,66,3],[66,4,66,5],[67,0,67,3],[67,4,67,5],[68,0,68,6],[69,0,69,1],[69,3,69,4],[69,5,69,6]]}
[]
["单位工程招标控制价汇总表"]
["工程名称：江西省儿童医院西侧地面临时停车场工程-劳务",{"$nulls":4},"第 1 页  共 2 页"]
["序号","汇总内容",null,null,"金额:(元)",null,"其中：暂估价(元)"]
["一","分部分项工程量清单计价合计",null,null,677863.18]
["1.1","1第一章 土石方工程",null,null,77218.96]
["1.2","2第二章 停车场地面硬化",null,null,349509.31]
["1.3","3第三章现浇楼梯台阶",null,null,4533.86]
["1.4","4第四章 档土墙",null,null,37525.56]
["1.5","5第五章排水系统",null,null,64826.24]
["1.6","6第六章 绿化满铺草皮",null,null,99660.5]
["1.7","7第七章照明及强电工程",null,null,28317.62]
["1.8","8第八章 停车场标示线画线程",null,null,16271.13]
["1.1","其中：定额人工费",null,null,141782.5]
["1.2","其中：定额机械费",null,null,99383.17]
["二","单价措施项目清单计价合计",null,null,7400]
["2.1","其中：定额人工费"]
["2.2","其中：定额机械费"]
["三","总价措施项目清单计价合计",null,null,10120.02]
["3.1","安全文明施工措施费",null,null,10120.02]
["3.1.1","安全文明环保费",null,null,10120.02]
["3.1.2","临时设施费"]
["3.2","其他总价措施费"]
["3.3","七项组织措施费-园林"]
["3.4","扬尘治理措施费"]
["四","其他项目清单计价合计",{"$nulls":4},"－"]
["五","规费",{"$nulls":4},"－"]
["5.1","市政建筑工程规费"]
["5.1.1","社会保险费",{"$nulls":4},"－"]
["5.1.2","住房公积金",{"$nulls":4},"－"]
["5.1.3","工程排污费",{"$nulls":4},"－"]
["5.2","建筑工程规费"]
["5.2.1","社会保险费",{"$nulls":4},"－"]
["注：本表适用于单位工程招标控制价或投标报价的汇总，如无单位工程划分，单项工程也使用本表汇总"]
[{"$nulls":5},"表—04"]
[]
["单位工程招标控制价汇总表"]
["工程名称：江西省儿童医院西侧地面临时停车场工程-劳务",{"$nulls":4},"第 2 页  共 2 页"]
["序号","汇总内容",null,null,"金额:(元)",null,"其中：暂估价(元)"]
["5.2.2","住房公积金",{"$nulls":4},"－"]
["5.2.3","工程排污费",{"$nulls":4},"－"]
["5.3","装饰工程规费"]
["5.3.1","社会保险费",{"$nulls":4},"－"]
["5.3.2","住房公积金",{"$nulls":4},"－"]
["5.3.3","工程排污费",{"$nulls":4},"－"]
["5.4","安装工程规费"]
["5.4.1","社会保险费",{"$nulls":4},"－"]
["5.4.2","住房公积金",{"$nulls":4},"－"]
["5.4.3","工程排污费",{"$nulls":4},"－"]
["5.5","市政安装工程规费"]
["5.5.1","社会保险费",{"$nulls":4},"－"]
["5.5.2","住房公积金",{"$nulls":4},"－"]
["5.5.3","工程排污费",{"$nulls":4},"－"]
["5.6","园林工程规费"]
["5.6.1","养老保险费",{"$nulls":4},"－"]
["5.6.2","失业保险费",{"$nulls":4},"－"]
["5.6.3","医疗保险费",{"$nulls":4},"－"]
["5.6.4","住房公积金"]
["5.6.5","危险作业意外伤害保险费",{"$nulls":4},"－"]
["5.7","园林绿化养护工程规费"]
["5.7.1","社会保险费",{"$nulls":4},"－"]
["5.7.2","住房公积金",{"$nulls":4},"－"]
["5.7.3","工程排污费",{"$nulls":4},"－"]
["六","税金",null,null,20861.5,null,"－"]
["八","工程总造价",null,null,716244.7]
[]
[]
["招标控制价合计",{"$nulls":3},716244.7,null,"0.00"]
["注：本表适用于单位工程招标控制价或投标报价的汇总，如无单位工程划分，单项工程也使用本表汇总"]
[{"$nulls":5},"表—04"]

{"sheet":"表-05 主要材料及价差汇总表","index":1,"n_rows":63,"n_cols":11,"rows_kept":63,"merged":[[0,0,0,10],[1,0,1,10],[2,0,2,2],[2,3,2,6],[2,7,2,10],[3,2,3,3],[3,6,3,7],[4,2,4,3],[4,6,4,7],[5,2,5,3],[5,6,5,7],[6,2,6,3],[6,6,6,7],[7,2,7,3],[7,6,7,7],[8,2,8,3],[8,6,8,7],[9,2,9,3],[9,6,9,7],[10,2,10,3],[10,6,10,7],[11,2,11,3],[11,6,11,7],[12,2,12,3],[12,6,12,7],[13,2,13,3],[13,6,13,7],[14,2,14,3],[14,6,14,7],[15,2,15,3],[15,6,15,7],[16,2,16,3],[16,6,16,7],[17,2,17,3],[17,6,17,7],[18,2,18,3],[18,6,18,7],[19,2,19,3],[19,6,19,7],[20,2,20,3],[20,6,20,7],[21,2,21,3],[21,6,21,7],[22,2,22,3],[22,6,22,7],[23,2,23,3],[23,6,23,7],[24,2,24,3],[24,6,24,7],[25,2,25,3],[25,6,25,7],[26,2,26,3],[26,6,26,7],[27,2,27,3],[27,6,27,7],[28,2,28,3],[28,6,28,7],[29,2,29,3],[29,6,29,7],[30,2,30,3],[30,6,30,7],[31,2,31,3],[31,6,31,7],[32,0,32,10],[33,0,33,10],[34,0,34,2],[34,3,34,6],[34,7,34,10],[35,2,35,3],[35,6,35,7],[36,2,36,3],[36,6,36,7],[37,2,37,3],[37,6,37,7],[38,2,38,3],[38,6,38,7],[39,2,39,3],[39,6,39,7],[40,2,40,3],[40,6,40,7],[41,2,41,3],[41,6,41,7],[42,2,42,3],[42,6,42,7],[43,2,43,3],[43,6,43,7],[44,2,44,3],[44,6,44,7],[45,2,45,3],[45,6,45,7],[46,2,46,3],[46,6,46,7],[47,2,47,3],[47,6,47,7],[48,2,48,3],[48,6,48,7],[49,2,49,3],[49,6,49,7],[50,2,50,3],[50,6,50,7],[51,2,51,3],[51,6,51,7],[52,2,52,3],[52,6,52,7],[53,2,53,3],[53,6,53,7],[54,2,54,3],[54,6,54,7],[55,2,55,3],[55,6,55,7],[56,2,56,3],[56,6,56,7],[57,2,57,3],[57,6,57,7],[58,2,58,3],[58,6,58,7],[59,2,59,3],[59,6,59,7],[60,2,60,3],[60,6,60,7],[61,2,61,3],[61,6,61,7],[62,2,62,3],[62,6,62,7]]}
[]
["主要材料及价差汇总表"]
["工程名称：江西省儿童医院西侧地面临时停车场工程-劳务",{"$nulls":6},"第  1  页  共  2  页"]
["序\n号","定额编号","名称",null,"单位","数量","定额价",null,"市场价","价格差","合价"]
[1,"0000010","综合工日-绿化 ",null,"工日",247.015,23.5,null,64,40.5,10004.1]
[2,"00010104","综合工日 ",null,"工日",1408.125,85,null,100,15,21121.88]
[3,"00010105","装饰综合工日 ",null,"工日",45.986,96,null,117,21,965.71]
[4,"01010183@1","钢筋 φ5.5 ",null,"kg",17.157,3.23,null,3.37,0.14,2.4]
[5,"01010211","钢筋 HRB400以内φ12～18 ",null,"kg",511.475,3.07,null,3.49,0.42,214.82]
[6,"01130311@1","镀锌扁钢 25×4 ",null,"kg",1.5,3.66,null,3.8,0.14,0.21]
[7,"04010131","水泥 32.5 ",null,"kg",9497.557,0.26,null,0.42,0.16,1519.61]
[8,"04010131-1","水泥 32.5R ",null,"kg",7974.074,0.27,null,0.43,0.16,1275.85]
[9,"04030143","砂子(中粗砂) ",null,"m3",0.228,63.08,null,135.91,72.83,16.59]
[10,"04050173","碎石(综合) ",null,"m3",212.4,92.2,null,145.62,53.42,11346.41]
[11,"04050221-1","天然砂 ",null,"m3",9.984,56,null,135.91,79.91,797.82]
[12,"04070121","石屑 ",null,"m3",6.111,67.93,null,133.97,66.04,403.59]
[13,"04090211","生石灰 ",null,"kg",714.955,0.33,null,0.23,-0.1,-71.5]
[14,"04130103","标准砖 240×115×53 ",null,"千块",39.099,465.84,null,417.44,-48.4,-1892.38]
[15,"04130141","烧结煤矸石普通砖 240×115×53 ",null,"千块",34.274,412.46,null,417.44,4.98,170.69]
[16,"05030181","松木板枋材 ",null,"m3",0.206,1028.63,null,1186.85,158.22,32.55]
[17,"05030181@1","松木板枋材 ",null,"m3",0.03,1028.63,null,1186.85,158.22,4.75]
[18,"08010106@1","250*200*60彩色植草砖 ",null,"m2",2586.924,257.16,null,24.83,-232.33,-601020.05]
[19,"13010163","调和漆 ",null,"kg",0.05,8.57,null,9.05,0.48,0.02]
[20,"13110106","热熔标线涂料 ",null,"kg",1499.85,25.72,null,5.32,-20.4,-30596.94]
[21,"13310141","石油沥青 ",null,"kg",1760.063,3.09,null,4.08,0.99,1742.46]
[22,"14010106","清油 ",null,"kg",4.677,9.86,null,10.2,0.34,1.59]
[23,"14030106","柴油 ",null,"kg",119.83,5.53,null,7.58,2.05,245.65]
[24,"14030121@1","汽油(综合) ",null,"kg",3.706,6.46,null,9.12,2.66,9.86]
[25,"28031221","铜芯橡皮绝缘电线 BX-2.5mm2 ",null,"m",0.24,1.62,null,1.8,0.18,0.04]
[26,"29060137@2","DN50碳素线缆波纹管 ",null,"m",733.257,7.95,null,null,-7.95,-5829.39]
[27,"34110103","电 ",null,"kW·h",370.06,0.87,null,0.9,0.03,11.1]
[28,"34110115","木柴 ",null,"kg",17.798,0.26,null,0.3,0.04,0.71]
[]
["主要材料及价差汇总表"]
["工程名称：江西省儿童医院西侧地面临时停车场工程-劳务",{"$nulls":6},"第  2  页  共  2  页"]
["序\n号","定额编号","名称",null,"单位","数量","定额价",null,"市场价","价格差","合价"]
[29,"34110117","水 ",null,"m3",1038.68,3.27,null,4.32,1.05,1090.61]
[30,"34110117@1","水 ",null,"m3",0.155,3.27,null,4.32,1.05,0.16]
[31,"35010146","钢模板 ",null,"kg",265.404,4.46,null,4.97,0.51,135.36]
[32,"35010166","组合钢模板 ",null,"kg",26.432,3.73,null,4.97,1.24,32.78]
[33,"36070306@1","700*250*150芝麻灰路沿石 ",null,"m",431.674,84,null,null,-84,-36260.62]
[34,"80250103@1","细粒式改性沥青混凝土 AC-13",null,"m3",121.028,906.1,null,null,-906.1,-109663.74]
[35,"BC0007@1","砌筑干粉砂浆 M5 ",null,"kg",882.499,0.29,null,0.36,0.07,61.77]
[36,"BC0014","地面干粉砂浆 M15 ",null,"kg",150300.284,0.33,null,0.4,0.07,10521.02]
[37,"BC0053","复合木模板 ",null,"m2",13.252,28.29,null,33.26,4.97,65.86]
[38,"BC0427@1","DN300HDPE双壁波纹管 ",null,"m",45.8,288.02,null,79.82,-208.2,-9535.56]
[39,"BC1412@2","LED路灯柱（200W）（灯柱H：6米） 4500-5000k",null,"套",14.14,737.18,null,null,-737.18,-10423.73]
[40,"BC1508","中砂 ",null,"m3",60.971,63.08,null,135.91,72.83,4440.51]
[41,"SZ07290","卵石 ",null,"m3",373.337,31.06,null,67.95,36.89,13772.39]
[42,"SZ09490","水 ",null,"m3",17.089,1.94,null,4.32,2.38,40.67]
[43,"80210557@2","预拌混凝土 C20含泵送费 ",null,"m3",1037.278,277,null,null,-277,-287325.89]
[44,"80210557@3","预拌混凝土 C20含泵送费 ",null,"m3",28.684,277,null,null,-277,-7945.47]
[45,"80210557@4","预拌混凝土 C20含泵送费 ",null,"m3",9.09,277,null,null,-277,-2517.93]
[46,"80210559@2","预拌混凝土 C25含泵送费 ",null,"m3",6.829,296.69,null,465.97,169.28,1156.07]
[47,"80010312","预拌防水水泥砂浆 1:2 ",null,"m3",0.487,239.89,null,427.14,187.25,91.19]
[48,"CY","柴油 ",null,"kg",2096.854,5.53,null,7.58,2.05,4298.55]
[49,"CY@2","柴油 ",null,"kg",818.414,5.53,null,7.58,2.05,1677.75]
[50,"DIAN","电 ",null,"kW·h",848.15,0.87,null,0.9,0.03,25.44]
[51,"QY","汽油 ",null,"kg",1011.916,6.46,null,9.12,2.66,2691.7]
[52,"QY@1","汽油 ",null,"kg",2475.787,6.46,null,9.12,2.66,6585.59]
[53,"RG","人工 ",null,"工日",261.903,85,null,100,15,3928.54]
[]
[null,null,"合 计",{"$nulls":7},"-1002578.83"]

{"sheet":"表-08 分部分项工程和单价措施项目清单与计价表","index":2,"n_rows":161,"n_cols":11,"rows_kept":161,"merged":[[0,0,0,10],[1,0,1,5],[1,6,1,8],[1,9,1,10],[2,0,3,0],[2,1,3,1],[2,2,3,2],[2,3,3,3],[2,4,3,4],[2,5,3,6],[2,7,2,10],[3,8,3,9],[4,5,4,6],[4,8,4,9],[5,5,5,6],[5,8,5,9],[6,5,6,6],[6,8,6,9],[7,5,7,6],[7,8,7,9],[8,5,8,6],[8,8,8,9],[9,5,9,6],[9,8,9,9],[10,5,10,6],[10,8,10,9],[11,5,11,6],[11,8,11,9],[12,5,12,6],[12,8,12,9],[13,5,13,6],[13,8,13,9],[14,5,14,6],[14,8,14,9],[15,5,15,6],[15,8,15,9],[16,5,16,6],[16,8,16,9],[17,5,17,6],[17,8,17,9],[18,5,18,6],[18,8,18,9],[19,5,19,6],[19,8,19,9],[20,5,20,6],[20,8,20,9],[21,0,21,7],[21,8,21,9],[22,0,22,10],[23,0,23,5],[23,6,23,8],[23,9,23,10],[24,0,24,10],[25,0,25,5],[25,6,25,8],[25,9,25,10],[26,0,27,0],[26,1,27,1],[26,2,27,2],[26,3,27,3],[26,4,27,4],[26,5,27,6],[26,7,26,10],[27,8,27,9],[28,5,28,6],[28,8,28,9],[29,5,29,6],[29,8,29,9],[30,5,30,6],[30,8,30,9],[31,5,31,6],[31,8,31,9],[32,5,32,6],[32,8,32,9],[33,5,33,6],[33,8,33,9],[34,5,34,6],[34,8,34,9],[35,5,35,6],[35,8,35,9],[36,5,36,6],[36,8,36,9],[37,5,37,6],[37,8,37,9],[38,5,38,6],[38,8,38,9],[39,5,39,6],[39,8,39,9],[40,5,40,6],[40,8,40,9],[41,5,41,6],[41,8,41,9],[42,5,42,6],[42,8,42,9],[43,0,43,7],[43,8,43,9],[44,0,44,10],[45,0,45,5],[45,6,45,8],[45,9,45,10],[46,0,46,10],[47,0,47,5],[47,6,47,8],[47,9,47,10],[48,0,49,0],[48,1,49,1],[48,2,49,2],[48,3,49,3],[48,4,49,4],[48,5,49,6],[48,7,48,10],[49,8,49,9],[50,5,50,6],[50,8,50,9],[51,5,51,6],[51,8,51,9],[52,5,52,6],[52,8,52,9],[53,5,53,6],[53,8,53,9],[54,5,54,6],[54,8,54,9],[55,5,55,6],[55,8,55,9],[56,5,56,6],[56,8,56,9],[57,5,57,6],[57,8,57,9],[58,5,58,6],[58,8,58,9],[59,5,59,6],[59,8,59,9],[60,5,60,6],[60,8,60,9],[61,0,61,7],[61,8,61,9],[62,0,62,10],[63,0,63,5],[63,6,63,8],[63,9,63,10],[64,0,64,10],[65,0,65,5],[65,6,65,8],[65,9,65,10],[66,0,67,0],[66,1,67,1],[66,2,67,2],[66,3,67,3],[66,4,67,4],[66,5,67,6],[66,7,66,10],[67,8,67,9],[68,5,68,6],[68,8,68,9],[69,5,69,6],[69,8,69,9],[70,5,70,6],[70,8,70,9],[71,5,71,6],[71,8,71,9],[72,5,72,6],[72,8,72,9],[73,5,73,6],[73,8,73,9],[74,5,74,6],[74,8,74,9],[75,5,75,6],[75,8,75,9],[76,5,76,6],[76,8,76,9],[77,5,77,6],[77,8,77,9],[78,5,78,6],[78,8,78,9],[79,5,79,6],[79,8,79,9],[80,5,80,6],[80,8,80,9],[81,5,81,6],[81,8,81,9],[82,0,82,7],[82,8,82,9],[83,0,83,10],[84,0,84,5],[84,6,84,8],[84,9,84,10],[85,0,85,10],[86,0,86,5],[86,6,86,8],[86,9,86,10],[87,0,88,0],[87,1,88,1],[87,2,88,2],[87,3,88,3],[87,4,88,4],[87,5,88,6],[87,7,87,10],[88,8,88,9],[89,5,89,6],[89,8,89,9],[90,5,90,6],[90,8,90,9],[91,5,91,6],[91,8,91,9],[92,5,92,6],[92,8,92,9],[93,5,93,6],[93,8,93,9],[94,5,94,6],[94,8,94,9],[95,5,95,6],[95,8,95,9],[96,5,96,6],[96,8,96,9],[97,5,97,6],[97,8,97,9],[98,5,98,6],[98,8,98,9],[99,0,99,7],[99,8,99,9],[100,0,100,10],[101,0,101,5],[101,6,101,8],[101,9,101,10],[102,0,102,10],[103,0,103,5],[103,6,103,8],[103,9,103,10],[104,0,105,0],[104,1,105,1],[104,2,105,2],[104,3,105,3],[104,4,105,4],[104,5,105,6],[104,7,104,10],[105,8,105,9],[106,5,106,6],[106,8,106,9],[107,5,107,6],[107,8,107,9],[108,5,108,6],[108,8,108,9],[109,5,109,6],[109,8,109,9],[110,5,110,6],[110,8,110,9],[111,5,111,6],[111,8,111,9],[112,5,112,6],[112,8,112,9],[113,5,113,6],[113,8,113,9],[114,5,114,6],[114,8,114,9],[115,5,115,6],[115,8,115,9],[116,5,116,6],[116,8,116,9],[117,5,117,6],[117,8,117,9],[118,5,118,6],[118,8,118,9],[119,5,119,6],[119,8,119,9],[120,5,120,6],[120,8,120,9],[121,5,121,6],[121,8,121,9],[122,0,122,7],[122,8,122,9],[123,0,123,10],[124,0,124,5],[124,6,124,8],[124,9,124,10],[125,0,125,10],[126,0,126,5],[126,6,126,8],[126,9,126,10],[127,0,128,0],[127,1,128,1],[127,2,128,2],[127,3,128,3],[127,4,128,4],[127,5,128,6],[127,7,127,10],[128,8,128,9],[129,5,129,6],[129,8,129,9],[130,5,130,6],[130,8,130,9],[131,5,131,6],[131,8,131,9],[132,5,132,6],[132,8,132,9],[133,5,133,6],[133,8,133,9],[134,5,134,6],[134,8,134,9],[135,5,135,6],[135,8,135,9],[136,5,136,6],[136,8,136,9],[137,5,137,6],[137,8,137,9],[138,5,138,6],[138,8,138,9],[139,5,139,6],[139,8,139,9],[140,5,140,6],[140,8,140,9],[141,5,141,6],[141,8,141,9],[142,5,142,6],[142,8,142,9],[143,5,143,6],[143,8,143,9],[144,5,144,6],[144,8,144,9],[145,5,145,6],[145,8,145,9],[146,5,146,6],[146,8,146,9],[147,5,147,6],[147,8,147,9],[148,5,148,6],[148,8,148,9],[149,5,149,6],[149,8,149,9],[150,5,150,6],[150,8,150,9],[151,5,151,6],[151,8,151,9],[152,5,152,6],[152,8,152,9],[153,5,153,6],[153,8,153,9],[154,5,154,6],[154,8,154,9],[155,5,155,6],[155,8,155,9],[156,5,156,6],[156,8,156,9],[157,0,157,7],[157,8,157,9],[158,0,158,7],[158,8,158,9],[159,0,159,10],[160,0,160,5],[160,6,160,8],[160,9,160,10]]}
["分部分项工程和单价措施项目清单与计价表"]
["工程名称：江西省儿童医院西侧地面临时停车场工程-劳务",{"$nulls":8},"第 1 页  共 7 页"]
["序号","项目编码","项目名称","项目特征描述","计量单位","工程量",null,"金额（元）"]
[{"$nulls":7},"综合单价","综合合价",null,"其中：暂估价"]
[null,"1","第一章 土石方工程",{"$nulls":5},77218.96]
[1,"041001008001","拆除混凝土结构","炮机拆除围墙高2.7米","m3",32.4,null,8.84,286.42]
[2,"041001008002","拆除混凝土结构","破碎机破碎混凝土 混凝土构筑物 HB20G","m3",260.8,null,8.84,2305.47]
[3,"040103002001","余方弃置","挖掘机挖装石渣\n自卸汽车运石渣 运距≤1km \u007f实际运距(km):10","m3",293.2,null,42.29,12399.43]
[4,"010101001001","平整场地","1.场地清表\n2.反铲挖掘机(斗容量0.6m3)装车 一、二类土","m2",5381,null,1.2,6457.2]
[5,"040103002005","余方弃置","1.余方弃置，运距暂按10km。","m3",1614.3,null,22.82,36838.33]
[6,"040101001010","挖一般土方","护坡回填土，边坡土方场内运输","m3",1355.14,null,3.38,4580.37]
[7,"040101001008","挖一般土方","机械修整边坡","m2",1864.299,null,6.12,11409.51]
[8,"040101001009","挖一般土方","人工修坡","m2",98.121,null,9.99,980.23]
[9,"040701001001","场地平整","推土机推平土方","m2",1800,null,1.09,1962]
[null,"2","第二章 停车场地面硬化",{"$nulls":5},349509.31]
[10,"040204004001","安砌侧(平、缘）石","侧石 石质~ 换:700*250*150芝麻灰路沿石~ 换:水泥砂浆 1:3 \u007f[现拌砂浆]","m",427.4,null,12.48,5333.95]
[11,"040202011001","碎石","摊铺 碎石5cm","m2",2536.2,null,13.45,34111.89]
[12,"040202011002","碎石","摊铺 碎石10cm","m2",2396.6,null,2.43,5823.74]
[13,"040202011003","碎石","摊铺 碎石15cm","m2",62.7,null,35.26,2210.8]
[14,"040305001006","垫层","C25 混凝土垫层 25厚","m2",20.9,null,140.67,2940]
[15,"040203007003","水泥混凝土","C20 混凝土垫层 20厚","m2",4932.8,null,19.28,95104.38]
["本页小计",{"$nulls":7},222743.72]
["注：为计取规费等的使用，可在表中增设其中：“定额人工费”。"]
[{"$nulls":9},"表—08"]
["分部分项工程和单价措施项目清单与计价表"]
["工程名称：江西省儿童医院西侧地面临时停车场工程-劳务",{"$nulls":8},"第 2 页  共 7 页"]
["序号","项目编码","项目名称","项目特征描述","计量单位","工程量",null,"金额（元）"]
[{"$nulls":7},"综合单价","综合合价",null,"其中：暂估价"]
[16,"040203007001","水泥混凝土","多合土养生 洒水车洒水","m2",4932.8,null,0.89,4390.19]
[17,"040204002001","人行道块料铺设","人行道块料铺设 250*200*60彩色植草砖","m2",2536.2,null,68.71,174262.3]
[18,"040203006001","沥青混凝土","5cm细粒式改性沥青砼","m2",2396.6,null,6.87,16464.64]
[19,"040203004001","封层","1.0L/㎡液体沥青透层（AL(M)-2）","m2",2396.6,null,3.7,8867.42]
[null,"3","第三章现浇楼梯台阶",{"$nulls":5},4533.86]
[20,"010506001001","直形楼梯","现浇混凝土 楼梯 直形","m2",19.8,null,37.56,743.69]
[21,"010515001001","现浇构件钢筋","现浇构件带肋钢筋HRB400以内 直径(mm) ≤18","t",0.299,null,4603.18,1376.35]
[22,"041102020001","楼梯模板","楼梯 直形 复合模板钢支撑","m2",19.8,null,121.91,2413.82]
[null,"4","第四章 档土墙",{"$nulls":5},37525.56]
[23,"040101001003","挖一般土方","1.人机配合挖土\n2.人工挖沟、槽土方 三类土 深度(2m以内) \u007f单价*1.5\n3.反铲挖掘机(斗容量0.6m3)装车 三类土","m3",38.4,null,10.41,399.74]
[24,"040103002002","余方弃置","1.余方弃置，运距暂按10km。","m3",38.4,null,22.82,876.29]
[25,"040305001004","垫层","现浇混凝土构件 垫层 混凝土","m3",12.8,null,51.38,657.66]
[26,"010401012001","零星砌砖","1.砖基础 \u007f[现拌砌筑砂浆]\n2.水泥砂浆M7.5","m3",62.8,null,436.42,27407.18]
[27,"011108004001","水泥砂浆零星项目","1.20厚水泥砂浆抹灰\n2.现拌砂浆\n3.水泥砂浆1:3","m2",237.1,null,34.52,8184.69]
[null,"5","第五章排水系统",{"$nulls":5},64826.24]
["本页小计",{"$nulls":7},246043.97]
["注：为计取规费等的使用，可在表中增设其中：“定额人工费”。"]
[{"$nulls":9},"表—08"]
["分部分项工程和单价措施项目清单与计价表"]
["工程名称：江西省儿童医院西侧地面临时停车场工程-劳务",{"$nulls":8},"第 3 页  共 7 页"]
["序号","项目编码","项目名称","项目特征描述","计量单位","工程量",null,"金额（元）"]
[{"$nulls":7},"综合单价","综合合价",null,"其中：暂估价"]
[28,"040101001015","挖一般土方","1.人机配合挖土\n2.人工挖沟、槽土方 三类土 深度(2m以内) \u007f单价*1.5\n3.反铲挖掘机(斗容量0.6m3)装车 三类土","m3",20.6,null,10.41,214.45]
[29,"040103002006","余方弃置","1.余方弃置，运距暂按10km。","m3",20.6,null,22.82,470.09]
[30,"040103001001","回填方","槽坑 天然砂","m3",7.8,null,186.68,1456.1]
[31,"040103001002","回填方","机械填土夯实 槽、坑","m3",14.7,null,21.4,314.58]
[32,"040501004001","塑料管","塑料管安装(胶圈接口) 管外径(315mm以内)~ 换:DN300HDPE双壁波纹管","m",45.8,null,114.48,5243.18]
[33,"040101001016","挖一般土方","1.人机配合挖土\n2.人工挖沟、槽土方 三类土 深度(2m以内) \u007f单价*1.5\n3.反铲挖掘机(斗容量0.6m3)装车 三类土","m3",164.66,null,10.41,1714.11]
[34,"040103002007","余方弃置","1.余方弃置，运距暂按10km。","m3",164.66,null,22.82,3757.54]
[35,"040305001007","垫层","现浇混凝土构件 垫层 混凝土","m3",28.4,null,51.38,1459.19]
[36,"010401012002","零星砌砖","1.渠道(方沟) 墙身 砖砌 \u007f[现拌砌筑砂浆]\n2.水泥砂浆M7.5","m3",69.4,null,521.24,36174.06]
[37,"011108004002","水泥砂浆零星项目","1.抹灰 砖墙立面 \u007f[现拌非砌筑砂浆]\n2.20mm厚水泥砂浆 1:3","m2",370.3,null,30.3,11220.09]
[38,"010507007001","其他构件","1.管道(渠)垫层 混凝土 \u007f\n2.C20混凝土","m3",8.7,null,56.33,490.07]
["本页小计",{"$nulls":7},62513.46]
["注：为计取规费等的使用，可在表中增设其中：“定额人工费”。"]
[{"$nulls":9},"表—08"]
["分部分项工程和单价措施项目清单与计价表"]
["工程名称：江西省儿童医院西侧地面临时停车场工程-劳务",{"$nulls":8},"第 4 页  共 7 页"]
["序号","项目编码","项目名称","项目特征描述","计量单位","工程量",null,"金额（元）"]
[{"$nulls":7},"综合单价","综合合价",null,"其中：暂估价"]
[39,"04B012","排水明沟球墨铸铁格珊雨水盖板","排水明沟球墨铸铁格珊雨水盖板","m",288.9]
[40,"010401012003","零星砌砖","1.渠道(方沟) 墙身 砖砌 \u007f[现拌砌筑砂浆]\n2.水泥砂浆M7.5","m3",3.6,null,521.24,1876.46]
[41,"011108004003","水泥砂浆零星项目","1.抹灰 砖墙立面 \u007f[现拌非砌筑砂浆]\n2.20mm厚水泥砂浆 1:3","m2",14.4,null,30.3,436.32]
[42,"040504001001","井盖","铸铁球墨雨水进水井盖380*680","座",18]
[null,"6","第六章 绿化满铺草皮",{"$nulls":5},99660.5]
[43,"050101010001","整理绿化用地","1.勘查现场；\n2.整理绿化用地","m2",4900.66,null,0.63,3087.42]
[44,"050102012001","铺种草皮","草皮铺种,满铺","m2",233.95,null,26.02,6087.38]
[45,"050102013001","喷播植草(灌木）籽","喷播植草 坡度1：1以下,坡长8米内","m2",4666.71,null,9.38,43773.74]
[46,"050102002001","栽植灌木","带土球灌木红叶石楠（H：0.5米）种植密度60株/m2","m2",107.83,null,433.2,46711.96]
[null,"7","第七章照明及强电工程",{"$nulls":5},28317.62]
[47,"030404017001","配电箱","IP65室外不锈钢强电箱500*300*800防水型，落地安装","台",1,null,1152.02,1152.02]
[48,"040804001001","配管","DN50碳素线缆波纹管~ 换:DN50碳素线缆波纹管","m",711.9,null,17.91,12750.13]
[49,"030408001001","电力电缆","总电源ZR-YJV-5*10电缆线","m",100,null,5.01,501]
[50,"030408001002","电力电缆","照明电源ZC-YJV5*6电缆线","m",641.2,null,5.01,3212.41]
["本页小计",{"$nulls":7},119588.84]
["注：为计取规费等的使用，可在表中增设其中：“定额人工费”。"]
[{"$nulls":9},"表—08"]
["分部分项工程和单价措施项目清单与计价表"]
["工程名称：江西省儿童医院西侧地面临时停车场工程-劳务",{"$nulls":8},"第 5 页  共 7 页"]
["序号","项目编码","项目名称","项目特征描述","计量单位","工程量",null,"金额（元）"]
[{"$nulls":7},"综合单价","综合合价",null,"其中：暂估价"]
[51,"040101001017","挖一般土方","1.人机配合挖土\n2.人工挖基坑土方 三类土 深度(m以内) 2 \u007f单价*1.5\n3.反铲挖掘机(斗容量0.6m3)装车 三类土","m3",5.49,null,10.84,59.51]
[52,"040103002008","余方弃置","1.余方弃置，运距暂按10km。","m3",5.49,null,22.82,125.28]
[53,"040303002001","混凝土基础","1.现浇混凝土 独立基础 混凝土\n2.C20混凝土","m3",9,null,38.83,349.47]
[54,"041102002001","基础模板","现浇混凝土构件 混凝土基础 模板","m2",44.8,null,38.04,1704.19]
[55,"040901001001","现浇构件钢筋","基础钢筋","t",0.2,null,4603.1,920.62]
[56,"030412007001","一般路灯","LED路灯柱 200W，带防水罩，4500-5000k（灯柱H：6米）","套",14,null,172.15,2410.1]
[57,"040807002001","供电系统调试","输配电装置系统调试 ≤1kV交流供电","系统",1,null,273.11,273.11]
[58,"040807003001","接地装置调试","供电系统,接地装置调试 路灯柱接地测试 一柱、一独立接地、一测","系统",14,null,30.64,428.96]
[59,"040101001019","挖一般土方","1.人机配合挖土\n2.人工挖基坑土方 三类土 深度(m以内) 2 \u007f单价*1.5\n3.反铲挖掘机(斗容量0.6m3)装车 三类土","m3",9.3,null,10.83,100.72]
[60,"040103002009","余方弃置","1.余方弃置，运距暂按10km。","m3",9.3,null,22.82,212.23]
["本页小计",{"$nulls":7},6584.19]
["注：为计取规费等的使用，可在表中增设其中：“定额人工费”。"]
[{"$nulls":9},"表—08"]
["分部分项工程和单价措施项目清单与计价表"]
["工程名称：江西省儿童医院西侧地面临时停车场工程-劳务",{"$nulls":8},"第 6 页  共 7 页"]
["序号","项目编码","项目名称","项目特征描述","计量单位","工程量",null,"金额（元）"]
[{"$nulls":7},"综合单价","综合合价",null,"其中：暂估价"]
[61,"040504001002","接线手孔井","红机砖砌，接线手孔井(长×宽×高) (m)0.7×0.7×0.7砖砌结构，15cm C25混凝土垫层，内外壁1∶2防水砂浆15mm抹灰","座",10,null,310.94,3109.4]
[62,"040504001003","井盖","手孔盖（复合材料）400*400","座",10,null,53.22,532.2]
[63,"040303002002","混凝土基础","岗亭、安全岛C25混凝土基础，复合模板","m3",4.11,null,115.88,476.27]
[null,"8","第八章 停车场标示线画线程",{"$nulls":5},16271.13]
[64,"040205006001","标线","纵向标线 热熔涂料 普通型","m2",13.3,null,39.93,531.07]
[65,"04B005","无障碍人士专用停车泊位（反光热熔线）","无障碍人士专用停车泊位（反光热熔线）","m2",20,null,39.93,798.6]
[66,"04B007","道路标示箭头（反光热熔线）","道路标示箭头（反光热熔线）","个",38,null,44.35,1685.3]
[67,"040205006002","车位标线","停车场热熔标示线","m2",300,null,39.93,11979]
[68,"04B009","道路铸铁减速带","道路铸铁减速带","m",12,null,106.43,1277.16]
[69,"04B010","长2米X高0.3米U型档车杆（含钻孔及混凝土浇筑安装）","长2米X高0.3米U型档车杆（含钻孔及混凝土浇筑安装）","根",194]
[70,"04B011","H:0.6m含橡胶底座道路铁艺反光护栏","H:0.6m含橡胶底座道路铁艺反光护栏","m",55.8]
[null,null,"分部分项合计",{"$nulls":5},677863.18]
[null,null,"措施项目",{"$nulls":5},7400]
[71,"041106001002","大型机械设备进出场及安拆","履带式挖掘机进出场费1m3以内","台·次",1,null,1500,1500]
[72,"011705001002","大型机械设备进出场及安拆","履带式推土机进出场费90kW以内","台·次",1,null,1500,1500]
[73,"011705001001","大型机械设备进出场及安拆","钢轮内燃压路机 12t进出场费","台·次",1,null,1400,1400]
["本页小计",{"$nulls":7},24789]
["注：为计取规费等的使用，可在表中增设其中：“定额人工费”。"]
[{"$nulls":9},"表—08"]
["分部分项工程和单价措施项目清单与计价表"]
["工程名称：江西省儿童医院西侧地面临时停车场工程-劳务",{"$nulls":8},"第 7 页  共 7 页"]
["序号","项目编码","项目名称","项目特征描述","计量单位","工程量",null,"金额（元）"]
[{"$nulls":7},"综合单价","综合合价",null,"其中：暂估价"]
[74,"011705001005","大型机械设备进出场及安拆","钢轮振动压路机 15t进出场费","台·次",1,null,1500,1500]
[75,"011705001003","大型机械设备进出场及安拆","沥青混凝土摊铺机进出场费","台·次",1,null,1500,1500]
[null,null,"单价措施合计",{"$nulls":5},7400]
{"$rows_empty":25}
["本页小计",{"$nulls":7},3000]
["合   计",{"$nulls":7},685263.18]
["注：为计取规费等的使用，可在表中增设其中：“定额人工费”。"]
[{"$nulls":9},"表—08"]

{"sheet":"表-11 总价措施项目清单与计价表","index":3,"n_rows":36,"n_cols":11,"rows_kept":36,"merged":[[0,0,0,10],[1,0,1,3],[1,4,1,7],[1,8,1,10],[2,3,2,4],[2,7,2,8],[3,3,3,4],[3,7,3,8],[4,3,4,4],[4,7,4,8],[5,3,5,4],[5,7,5,8],[6,3,6,4],[6,7,6,8],[7,3,7,4],[7,7,7,8],[8,3,8,4],[8,7,8,8],[9,3,9,4],[9,7,9,8],[10,3,10,4],[10,7,10,8],[11,3,11,4],[11,7,11,8],[12,3,12,4],[12,7,12,8],[13,3,13,4],[13,7,13,8],[14,3,14,4],[14,7,14,8],[15,3,15,4],[15,7,15,8],[16,3,16,4],[16,7,16,8],[17,3,17,4],[17,7,17,8],[18,3,18,4],[18,7,18,8],[19,3,19,4],[19,7,19,8],[20,3,20,4],[20,7,20,8],[21,3,21,4],[21,7,21,8],[22,3,22,4],[22,7,22,8],[23,3,23,4],[23,7,23,8],[24,3,24,4],[24,7,24,8],[25,3,25,4],[25,7,25,8],[26,3,26,4],[26,7,26,8],[27,3,27,4],[27,7,27,8],[28,3,28,4],[28,7,28,8],[29,3,29,4],[29,7,29,8],[30,3,30,4],[30,7,30,8],[31,3,31,4],[31,7,31,8],[32,3,32,4],[32,7,32,8],[33,3,33,4],[33,7,33,8],[34,0,34,5],[34,7,34,8],[35,0,35,3],[35,4,35,7],[35,8,35,10]]}
["总价措施项目清单与计价表"]
["工程名称：江西省儿童医院西侧地面临时停车场工程-劳务",{"$nulls":7},"第 1 页  共 1 页"]
["序号","项目编码","项目名称","计算基础",null,"费率\n(%)","金额\n(元)","调整\n费率\n(%)",null,"调整后\n金额(元)","备注"]
[1,"1","安全文明施工措施费",{"$nulls":3},10120.02]
[2,"1.1","安全文明环保费(环境保护、文明施工、安全施工费)",{"$nulls":3},10120.02]
[3,"1.2","临时设施费"]
[4,"2","其他总价措施费"]
[5,"3","扬尘治理措施费"]
[6,"4","七项组织措施费"]
{"$rows_empty":25}
["合    计",{"$nulls":5},10120.02]
[{"$nulls":8},"表-11"]

{"sheet":"表-12 其他项目清单与计价汇总表","index":4,"n_rows":36,"n_cols":8,"rows_kept":36,"merged":[[0,0,0,5],[0,6,0,7],[1,0,1,7],[2,0,2,1],[2,2,2,5],[2,6,2,7],[3,1,3,2],[3,3,3,4],[3,5,3,6],[4,1,4,2],[4,3,4,4],[4,5,4,6],[5,1,5,2],[5,3,5,4],[5,5,5,6],[6,1,6,2],[6,3,6,4],[6,5,6,6],[7,1,7,2],[7,3,7,4],[7,5,7,6],[8,1,8,2],[8,3,8,4],[8,5,8,6],[9,1,9,2],[9,3,9,4],[9,5,9,6],[10,1,10,2],[10,3,10,4],[10,5,10,6],[11,1,11,2],[11,3,11,4],[11,5,11,6],[12,1,12,2],[12,3,12,4],[12,5,12,6],[13,1,13,2],[13,3,13,4],[13,5,13,6],[14,1,14,2],[14,3,14,4],[14,5,14,6],[15,1,15,2],[15,3,15,4],[15,5,15,6],[16,1,16,2],[16,3,16,4],[16,5,16,6],[17,1,17,2],[17,3,17,4],[17,5,17,6],[18,1,18,2],[18,3,18,4],[18,5,18,6],[19,1,19,2],[19,3,19,4],[19,5,19,6],[20,1,20,2],[20,3,20,4],[20,5,20,6],[21,1,21,2],[21,3,21,4],[21,5,21,6],[22,1,22,2],[22,3,22,4],[22,5,22,6],[23,1,23,2],[23,3,23,4],[23,5,23,6],[24,1,24,2],[24,3,24,4],[24,5,24,6],[25,1,25,2],[25,3,25,4],[25,5,25,6],[26,1,26,2],[26,3,26,4],[26,5,26,6],[27,1,27,2],[27,3,27,4],[27,5,27,6],[28,1,28,2],[28,3,28,4],[28,5,28,6],[29,1,29,2],[29,3,29,4],[29,5,29,6],[30,1,30,2],[30,3,30,4],[30,5,30,6],[31,1,31,2],[31,3,31,4],[31,5,31,6],[32,1,32,2],[32,3,32,4],[32,5,32,6],[33,1,33,2],[33,3,33,4],[33,5,33,6],[34,0,34,7],[35,0,35,1],[35,2,35,3],[35,4,35,5],[35,6,35,7]]}
[]
["其他项目清单与计价汇总表"]
["工程名称：江西省儿童医院西侧地面临时停车场工程-劳务",{"$nulls":5},"第 1 页 共 1 页"]
["序号","项目名称",null,"金额（元）",null,"结算金额（元）",null,"备注"]
["1","暂列金额",{"$nulls":5},"明细详见表-12-1"]
["2","暂估价"]
["2.1","材料暂估价",{"$nulls":5},"明细详见表-12-2"]
["2.2","专业工程暂估价",{"$nulls":5},"明细详见表-12-3"]
["3","计日工",{"$nulls":5},"明细详见表-12-4"]
["4","总承包服务费",{"$nulls":5},"明细详见表-12-5"]
["5","其他"]
{"$rows_empty":22}
[null,"合  计"]
["注：材料（工程设备）暂估单价进入清单项目综合单价，此处不汇总。"]
[{"$nulls":6},"表—12"]

{"sheet":"表-13 规费、税金项目清单与计价表","index":5,"n_rows":36,"n_cols":8,"rows_kept":36,"merged":[[0,0,0,7],[1,0,1,2],[1,3,1,4],[1,5,1,7],[2,2,2,3],[2,4,2,5],[3,2,3,3],[3,4,3,5],[4,2,4,3],[4,4,4,5],[5,2,5,3],[5,4,5,5],[6,2,6,3],[6,4,6,5],[7,2,7,3],[7,4,7,5],[8,2,8,3],[8,4,8,5],[9,2,9,3],[9,4,9,5],[10,2,10,3],[10,4,10,5],[11,2,11,3],[11,4,11,5],[12,2,12,3],[12,4,12,5],[13,2,13,3],[13,4,13,5],[14,2,14,3],[14,4,14,5],[15,2,15,3],[15,4,15,5],[16,2,16,3],[16,4,16,5],[17,2,17,3],[17,4,17,5],[18,2,18,3],[18,4,18,5],[19,2,19,3],[19,4,19,5],[20,2,20,3],[20,4,20,5],[21,2,21,3],[21,4,21,5],[22,2,22,3],[22,4,22,5],[23,2,23,3],[23,4,23,5],[24,2,24,3],[24,4,24,5],[25,2,25,3],[25,4,25,5],[26,2,26,3],[26,4,26,5],[27,2,27,3],[27,4,27,5],[28,2,28,3],[28,4,28,5],[29,2,29,3],[29,4,29,5],[30,2,30,3],[30,4,30,5],[31,2,31,3],[31,4,31,5],[32,2,32,3],[32,4,32,5],[33,2,33,3],[33,4,33,5],[34,2,34,3],[34,4,34,5],[35,0,35,2],[35,3,35,4],[35,5,35,7]]}
["规费、税金项目清单与计价表"]
["工程名称：江西省儿童医院西侧地面临时停车场工程-劳务",{"$nulls":4},"第 1 页  共 1 页"]
["序号","项目名称","计算基础",null,"计算基数",null,"计算费率(%)","金额(元)"]
["1","规费"]
["1.1","社会保险费","定额人工费+定额机械费"]
["1.2","住房公积金","定额人工费+定额机械费"]
["1.3","工程排污费","定额人工费+定额机械费"]
["1.4","养老保险费","定额人工费"]
["1.5","失业保险费","定额人工费"]
["1.6","医疗保险费","定额人工费"]
["1.7","住房公积金","定额人工费"]
["1.8","危险作业意外伤害保险费","定额人工费"]
["2","税金","分部分项+措施项目+其他项目+规费",null,695383.2,null,"3",20861.5]
{"$rows_empty":22}
[{"$nulls":5},"表—13"]